[Event "4NCL Division 3s"]
[Site "Daventry Court ENG"]
[Date "2014.11.16"]
[Round "2.99"]
[White "Jaszkiwskyj, Peter"]
[Black "Tivillier, Jacques"]
[Result "1/2-1/2"]
[WhiteElo "1950"]
[BlackElo "1652"]
[PlyCount "50"]
[EventDate "2014.11.16"]

1. d4 Nf6 2. Nf3 c5 3. d5 d6 4. g3 Bg4 5. Bg2 Bxf3 6. Bxf3 b5 7. O-O g6 8. e4
Nbd7 9. Qe2 Rb8 10. a4 b4 11. Nd2 Bg7 12. Nc4 O-O 13. Rb1 Qc7 14. Rd1 Nb6 15.
b3 Nfd7 16. Bg2 Nxc4 17. Qxc4 Rfc8 18. Bh3 Re8 19. Bb2 Bxb2 20. Rxb2 Nb6 21.
Qe2 a5 22. Rbb1 c4 23. Rbc1 Qc5 24. Qd2 Red8 25. Qd4 Qxd4 1/2-1/2

[Event "4NCL Division 3s"]
[Site "Daventry Court ENG"]
[Date "2014.11.16"]
[Round "2.99"]
[White "Mason, Ian"]
[Black "Ressel, Eva"]
[Result "1/2-1/2"]
[WhiteElo "1577"]
[BlackElo "1531"]
[PlyCount "33"]
[EventDate "2014.11.16"]

1. d4 Nf6 2. c4 e6 3. g3 Nc6 4. Bg2 Bb4+ 5. Bd2 Qe7 6. Nf3 d5 7. a3 Bxd2+ 8.
Nbxd2 O-O 9. O-O b6 10. cxd5 exd5 11. Rc1 Na5 12. b4 Nb7 13. Re1 Be6 14. Qc2
Rac8 15. e4 c5 16. bxc5 bxc5 17. exd5 1/2-1/2

[Event "4NCL Division 3s"]
[Site "Daventry Court ENG"]
[Date "2014.11.16"]
[Round "2.165"]
[White "Lambourne, Dan"]
[Black "Adams, Mark"]
[Result "1/2-1/2"]
[WhiteElo "2014"]
[BlackElo "1996"]
[PlyCount "92"]
[EventDate "2014.11.16"]
[WhiteTeam "MK Phoenix 2"]
[BlackTeam "The Full Ponty"]

1. d4 d5 2. Nf3 Bf5 3. e3 e6 4. Be2 c6 5. O-O Bd6 6. c4 h6 7. Nc3 Nf6 8. c5 Bc7
9. h3 Nbd7 10. b4 a6 11. Bb2 Ne4 12. Nxe4 Bxe4 13. Bd3 Nf6 14. Ne5 Bxd3 15.
Nxd3 Ne4 16. a4 O-O 17. Re1 Qg5 18. Qg4 Qe7 19. f4 f5 20. Qf3 Rf6 21. Nf2 Qf7
22. Nxe4 fxe4 23. Qe2 Rf8 24. g3 Rg6 25. Kh2 Rf6 26. Rg1 Kh7 27. Raf1 Bb8 28.
b5 axb5 29. axb5 g5 30. b6 Rf5 31. Rf2 Qg6 32. Rgg2 Qf7 33. Kg1 Qe7 34. g4 R5f7
35. fxg5 Qxg5 36. Rxf7+ Rxf7 37. Rf2 Qg6 38. Qf1 Kg7 39. Kg2 Rxf2+ 40. Qxf2 Qf6
41. Bc3 Qxf2+ 42. Kxf2 Kf6 43. Kg2 e5 44. h4 exd4 45. Bxd4+ Be5 46. Kf2 Bxd4
1/2-1/2

[Event "4NCL Division 3s"]
[Site "Daventry Court ENG"]
[Date "2014.11.16"]
[Round "2.166"]
[White "Vaughan, David O"]
[Black "Elwin, Adrian"]
[Result "1/2-1/2"]
[WhiteElo "2026"]
[BlackElo "2004"]
[PlyCount "96"]
[EventDate "2014.11.16"]
[WhiteTeam "The Full Ponty"]
[BlackTeam "MK Phoenix 2"]

1. c4 Nf6 2. Nc3 g6 3. g3 Bg7 4. Bg2 d6 5. d4 O-O 6. e4 c6 7. Nge2 e5 8. O-O
Nbd7 9. h3 Nb6 10. b3 Qc7 11. Be3 Rd8 12. d5 c5 13. Qd2 Ne8 14. Bg5 f6 15. Be3
Qe7 16. Rae1 Nd7 17. f4 b6 18. f5 Nf8 19. g4 Bd7 20. Ng3 a6 21. a4 Rdb8 22. Ra1
b5 23. axb5 axb5 24. Rxa8 Rxa8 25. Nxb5 Bxb5 26. cxb5 Rb8 27. b4 Rxb5 28. bxc5
dxc5 29. Rc1 Qc7 30. Bf1 Ra5 31. Qc3 Nd7 32. Ra1 Rxa1 33. Qxa1 Bf8 34. Bb5 Nd6
35. Bxd7 Qxd7 36. Qa8 c4 37. Bh6 Qc8 38. Qxc8 Nxc8 39. Bxf8 Kxf8 40. fxg6 hxg6
41. Kf2 Nd6 42. h4 Kg7 43. Ke3 Nf7 44. Kd2 Nh6 45. g5 fxg5 46. hxg5 Nf7 47. Kc3
Nxg5 48. Kxc4 Kf6 1/2-1/2

[Event "4NCL Division 3s"]
[Site "Daventry Court ENG"]
[Date "2014.11.16"]
[Round "2.167"]
[White "Adebajo, Olufemi"]
[Black "Perrett, David C"]
[Result "1/2-1/2"]
[WhiteElo "1967"]
[BlackElo "1942"]
[PlyCount "98"]
[EventDate "2014.11.16"]
[WhiteTeam "MK Phoenix 2"]
[BlackTeam "The Full Ponty"]

1. d4 d5 2. Nc3 Nf6 3. Bg5 Nbd7 4. e3 c6 5. Bd3 e6 6. Qf3 Be7 7. O-O-O e5 8.
Bf5 e4 9. Qe2 g6 10. Bxd7+ Nxd7 11. Bf4 b5 12. f3 b4 13. Nxe4 dxe4 14. fxe4 Qa5
15. Kb1 Nf6 16. Qc4 O-O 17. d5 cxd5 18. exd5 Qc5 19. Qxc5 Bxc5 20. Nf3 Ne4 21.
Rhf1 Ba6 22. Rfe1 Rad8 23. Ne5 g5 24. Bg3 Nxg3 25. hxg3 Bd6 26. Nc6 Rd7 27. e4
Bxg3 28. Re3 Bf4 29. Rb3 Re8 30. Rxb4 Be2 31. Rh1 Bd2 32. Rd4 Be3 33. Ra4 Bb5
34. Ra3 Bb6 35. Rg3 f6 36. c4 Bxc6 37. dxc6 Rc7 38. Rh6 Bd4 39. b4 Rxc6 40.
Rxg5+ Kf8 41. Rd5 Rxc4 42. Rxh7 Kg8 43. Rb7 Rec8 44. a3 Rc1+ 45. Ka2 Ra1+ 46.
Kb3 Be5 47. Rdd7 Rc3+ 48. Ka4 Raxa3+ 49. Kb5 Rd3 1/2-1/2

[Event "4NCL Division 3s"]
[Site "Daventry Court ENG"]
[Date "2014.11.16"]
[Round "2.168"]
[White "Davies, Peter"]
[Black "Valentine, Brian"]
[Result "1/2-1/2"]
[WhiteElo "1973"]
[BlackElo "1990"]
[PlyCount "69"]
[EventDate "2014.11.16"]
[WhiteTeam "The Full Ponty"]
[BlackTeam "MK Phoenix 2"]

1. e4 e5 2. Nf3 Nc6 3. Bb5 a6 4. Ba4 Nf6 5. O-O b5 6. Bb3 Bc5 7. c3 d6 8. d3
Bb7 9. Nbd2 Bb6 10. Bc2 O-O 11. Nb3 Ne7 12. Qe2 Ng6 13. g3 Qe7 14. Be3 Bxe3 15.
Qxe3 c5 16. Na5 Bc8 17. a4 Qc7 18. axb5 axb5 19. Nb3 Bd7 20. Nbd2 Qc6 21. Bb3
h6 22. d4 exd4 23. cxd4 Rfe8 24. Rxa8 Rxa8 25. d5 Qc7 26. Qc3 Qb6 27. Kg2 Re8
28. Re1 Bg4 29. Bc2 Ra8 30. h3 Bd7 31. Bb3 Rc8 32. Qe3 Qb8 33. Bc2 Re8 34. Qc3
Qb6 35. Ra1 1/2-1/2

[Event "4NCL Division 3s"]
[Site "Daventry Court ENG"]
[Date "2014.11.16"]
[Round "2.169"]
[White "Matthews, Adrian"]
[Black "Thomas, Gary"]
[Result "1/2-1/2"]
[WhiteElo "1885"]
[BlackElo "1855"]
[PlyCount "51"]
[EventDate "2014.11.16"]
[WhiteTeam "MK Phoenix 2"]
[BlackTeam "The Full Ponty"]

1. e4 d5 2. exd5 Nf6 3. Nc3 Nxd5 4. Bc4 Nb6 5. Bb3 Nc6 6. Nf3 Na5 7. O-O Nxb3
8. axb3 Bg4 9. d4 e6 10. Bf4 c6 11. h3 Bh5 12. Qd3 Be7 13. Ne5 O-O 14. g4 Bg6
15. Nxg6 hxg6 16. Ne4 Nd5 17. Bd2 Nf6 18. c4 e5 19. Nxf6+ gxf6 20. Be3 a6 21.
Rfd1 exd4 22. Qxd4 Qxd4 23. Bxd4 Rfe8 24. Bc3 Rad8 25. Kf1 Rxd1+ 26. Rxd1
1/2-1/2

[Event "4NCL Division 3s"]
[Site "Daventry Court ENG"]
[Date "2014.11.16"]
[Round "2.175"]
[White "Rawlinson, Aidan"]
[Black "Payne, Matthew J"]
[Result "1-0"]
[WhiteElo "2177"]
[BlackElo "1962"]
[PlyCount "111"]
[EventDate "2014.11.16"]
[WhiteTeam "Oxford 2"]
[BlackTeam "Sussex Martlets 2"]

1. d4 Nf6 2. c4 g6 3. g3 Bg7 4. Bg2 d6 5. Nf3 O-O 6. O-O Nbd7 7. Nc3 e5 8. e4
exd4 9. Nxd4 Re8 10. h3 a6 11. Be3 c5 12. Nde2 Ne5 13. b3 Rb8 14. a4 Be6 15. f4
Nc6 16. Qd2 Na5 17. Rab1 Qd7 18. g4 b5 19. axb5 axb5 20. Nxb5 Nxb3 21. Qc3 Bxc4
22. Qxc4 Qxb5 23. Qxb5 Rxb5 24. e5 Rbb8 25. Nc1 Nxc1 26. Rxb8 Rxb8 27. exf6
Ne2+ 28. Kf2 Rb2 29. fxg7 Nxf4+ 30. Kf3 Nxg2 31. Bf2 Kxg7 32. Kxg2 Kf6 33. Kf3
Rb7 34. Re1 g5 35. Re8 Rc7 36. Bg3 Rd7 37. h4 h6 38. h5 Kg7 39. Ke4 d5+ 40. Kf5
f6 41. Ke6 Rb7 42. Kxd5 Kf7 43. Rh8 Kg7 44. Rc8 Kf7 45. Bd6 c4 46. Rxc4 f5 47.
gxf5 Kf6 48. Ke4 Rb5 49. Bc5 g4 50. Kf4 g3 51. Bd4+ Ke7 52. f6+ Ke6 53. Rc6+
Kd7 54. f7 Rb8 55. Rf6 Ke7 56. Kxg3 1-0

[Event "4NCL Division 3s"]
[Site "Daventry Court ENG"]
[Date "2014.11.16"]
[Round "2.176"]
[White "Higgs, Anthony RJ"]
[Black "Colburn, Paul J"]
[Result "1/2-1/2"]
[WhiteElo "1971"]
[BlackElo "1937"]
[PlyCount "149"]
[EventDate "2014.11.16"]
[WhiteTeam "Sussex Martlets 2"]
[BlackTeam "Oxford 2"]

1. d4 Nf6 2. c4 c5 3. d5 b5 4. cxb5 a6 5. b6 Bb7 6. Nc3 e6 7. e4 exd5 8. exd5
d6 9. Bg5 Nbd7 10. Qb3 Be7 11. O-O-O O-O 12. Nh3 Qxb6 13. Qxb6 Nxb6 14. Be2 h6
15. Bxf6 Bxf6 16. Ne4 Be7 17. Nc3 Bf6 18. Ne4 Bd4 19. Nxd6 Bxd5 20. Bf3 Rab8
21. Bxd5 Nxd5 22. Rd2 Nb4 23. Kb1 g6 24. Rhd1 Nc6 25. Ne4 Rb5 26. Ka1 Rfb8 27.
Rxd4 Nxd4 28. b3 Nc2+ 29. Kb2 Nb4 30. Rd7 Ra5 31. a3 Nc6 32. Nf4 Rab5 33. Nxg6
Rxb3+ 34. Kc1 Rb1+ 35. Kc2 Nd4+ 36. Kd3 Rc1 37. Ke3 Re1+ 38. Kf4 Rxe4+ 39. Kxe4
fxg6 40. Rc7 Re8+ 41. Kd5 Ne6 42. Rc6 a5 43. Kc4 Kf7 44. Ra6 Kf6 45. Rxa5 Ke5
46. Ra6 Rf8 47. f3 Rf4+ 48. Kc3 Rd4 49. a4 Rd6 50. Ra7 Kd5 51. Rh7 h5 52. g4
hxg4 53. fxg4 Ng5 54. Rh8 Ne4+ 55. Kc2 Kc4 56. h4 Rd2+ 57. Kc1 Kc3 58. h5 Nf2
59. hxg6 Nd3+ 60. Kb1 Kb3 61. Rb8+ Nb4 62. Kc1 Rd7 63. a5 Kc3 64. Rh8 Rg7 65.
Rh5 Na6 66. g5 Kb4 67. Rh7 Rg8 68. Rb7+ Kxa5 69. g7 Nb8 70. Kc2 Ka6 71. Rf7 Nc6
72. Kc3 Nd8 73. Rf8 Rxg7 74. Rxd8 Rxg5 75. Rb8 1/2-1/2

[Event "4NCL Division 3s"]
[Site "Daventry Court ENG"]
[Date "2014.11.16"]
[Round "2.177"]
[White "Nandi, Robin"]
[Black "Twigge-Molecey, Billy"]
[Result "1-0"]
[WhiteElo "1952"]
[BlackElo "1877"]
[PlyCount "81"]
[EventDate "2014.11.16"]
[WhiteTeam "Oxford 2"]
[BlackTeam "Sussex Martlets 2"]

1. e4 e5 2. Nf3 Nc6 3. Bb5 g6 4. d3 Bg7 5. O-O a6 6. Ba4 d6 7. Nc3 h6 8. Re1
Bd7 9. Nd5 Nf6 10. c3 Ne7 11. d4 c6 12. dxe5 dxe5 13. Nxf6+ Bxf6 14. Bb3 Bg4
15. Qe2 Bg7 16. Be3 O-O 17. a4 a5 18. h3 Bxf3 19. Qxf3 Qc7 20. Rad1 c5 21. Bc4
Nc8 22. Rd5 b6 23. Red1 Ra7 24. Qg4 h5 25. Qd7 Ne7 26. Qxc7 Rxc7 27. Rd7 Rxd7
28. Rxd7 Bf6 29. Rd6 Kg7 30. Rxb6 Rd8 31. Rb7 Ra8 32. Rc7 Rc8 33. Rxc8 Nxc8 34.
Bxc5 Bd8 35. b4 Nb6 36. Bb3 f5 37. bxa5 Nd7 38. a6 Bb6 39. Bxb6 Nxb6 40. a7
fxe4 41. Bd5 1-0

[Event "4NCL Division 3s"]
[Site "Daventry Court ENG"]
[Date "2014.11.16"]
[Round "2.178"]
[White "Graham, William M"]
[Black "Terry, Sean"]
[Result "0-1"]
[WhiteElo "1863"]
[BlackElo "1930"]
[PlyCount "100"]
[EventDate "2014.11.16"]
[WhiteTeam "Sussex Martlets 2"]
[BlackTeam "Oxford 2"]

1. e4 c5 2. Nf3 e6 3. d3 d5 4. Nbd2 Nc6 5. g3 Nf6 6. Bg2 dxe4 7. dxe4 Be7 8.
O-O O-O 9. e5 Nd7 10. Re1 Qc7 11. Qe2 b6 12. Nf1 Bb7 13. c3 a5 14. h4 Rfd8 15.
h5 Nf8 16. N1h2 Ba6 17. Qe4 Bd3 18. Qf4 f5 19. g4 Ra7 20. Qg3 a4 21. Kh1 c4 22.
Bf4 Bc5 23. Nh4 Ne7 24. Rg1 g6 25. Bg5 Kf7 26. hxg6+ hxg6 27. gxf5 gxf5 28. Bh6
Ke8 29. N2f3 Kd7 30. Ne1 Kc8 31. Rd1 Nd7 32. Nxd3 cxd3 33. Rxd3 Qxe5 34. Rgd1
Qxg3 35. fxg3 Rh8 36. Bg5 Ng6 37. Bc6 Nge5 38. Bxd7+ Rxd7 39. Rxd7 Nxd7 40. Kg2
Kc7 41. Nf3 e5 42. Re1 Rg8 43. Bh4 e4 44. Ng5 Ne5 45. b3 axb3 46. axb3 Kc6 47.
Ne6 Nf3 48. Rh1 Ra8 49. Ng7 Ra2+ 50. Kh3 e3 0-1

[Event "4NCL Division 3s"]
[Site "Daventry Court ENG"]
[Date "2014.11.16"]
[Round "2.179"]
[White "Neatherway, A Philip"]
[Black "Woods, Timothy J"]
[Result "1-0"]
[WhiteElo "1854"]
[BlackElo "1766"]
[PlyCount "57"]
[EventDate "2014.11.16"]
[WhiteTeam "Oxford 2"]
[BlackTeam "Sussex Martlets 2"]

1. e4 d6 2. d4 Nf6 3. Nc3 g6 4. Bg5 Bg7 5. Qd2 c6 6. f4 Qa5 7. Bd3 h6 8. Bh4
Na6 9. Nf3 Bg4 10. O-O O-O 11. e5 dxe5 12. dxe5 Nh5 13. Bxe7 Qb6+ 14. Kh1 Nc5
15. Bxf8 Bxf8 16. Ne4 Nxe4 17. Bxe4 Rd8 18. Qc3 Nxf4 19. Rad1 Re8 20. Qd2 Nh5
21. c3 Kg7 22. Qf2 Bc5 23. Qh4 Be6 24. b4 Be7 25. Qf2 Qc7 26. Rde1 a6 27. Nd4
Bc4 28. e6 f6 29. Bxg6 1-0

[Event "4NCL Division 3s"]
[Site "Daventry Court ENG"]
[Date "2014.11.16"]
[Round "2.185"]
[White "Towers, Nigel S"]
[Black "Portman, Carl"]
[Result "0-1"]
[WhiteElo "1849"]
[BlackElo "1967"]
[PlyCount "106"]
[EventDate "2014.11.16"]
[WhiteTeam "e2e4.org.uk 4"]
[BlackTeam "Banbury Bulldogs"]

1. e4 e6 2. d4 d5 3. exd5 exd5 4. c4 Nf6 5. Nc3 Nc6 6. Be3 Bb4 7. Bd3 Qe7 8.
Nge2 dxc4 9. Bxc4 Bg4 10. O-O O-O 11. Qc2 a6 12. Nf4 Qd7 13. d5 Ne5 14. Bb3 Bf5
15. Qd1 Bd6 16. Bc2 Rfe8 17. Nfe2 Bxc2 18. Qxc2 Qg4 19. Ng3 Nc4 20. Bc1 Bxg3
21. hxg3 Rad8 22. Bf4 Qh5 23. f3 Nxd5 24. Nxd5 Qxd5 25. Rad1 Qc5+ 26. Qf2 Qxf2+
27. Kxf2 Nd6 28. Rd5 f6 29. Rfd1 Re6 30. g4 Kf7 31. Bg3 g6 32. Kf1 Ke7 33. b3
c6 34. R5d3 Nf7 35. Rxd8 Nxd8 36. Bf2 Re5 37. b4 Ne6 38. g3 Rd5 39. Re1 Kd7 40.
Re2 a5 41. a3 axb4 42. axb4 Rd1+ 43. Re1 Rxe1+ 44. Kxe1 Kd6 45. Kd2 Kd5 46. Kc3
Ng5 47. Bd4 f5 48. gxf5 gxf5 49. Bc5 Nxf3 50. Kd3 Ne5+ 51. Ke3 Kc4 52. Bd6 Nd3
53. Be7 Nxb4 0-1

[Event "4NCL Division 3s"]
[Site "Daventry Court ENG"]
[Date "2014.11.16"]
[Round "2.186"]
[White "Price, Andrew"]
[Black "Booley, Graham M"]
[Result "1/2-1/2"]
[WhiteElo "1830"]
[BlackElo "1809"]
[PlyCount "70"]
[EventDate "2014.11.16"]
[WhiteTeam "Banbury Bulldogs"]
[BlackTeam "e2e4.org.uk 4"]

1. e4 d5 2. exd5 Qxd5 3. Nc3 Qa5 4. d4 Nf6 5. Nf3 Bf5 6. Bc4 e6 7. O-O Bb4 8.
Bd2 c6 9. a3 Bxc3 10. Bxc3 Qd8 11. b4 a6 12. Re1 O-O 13. Bb2 Nbd7 14. Bb3 Nd5
15. Qd2 a5 16. c4 N5f6 17. Qf4 Nh5 18. Qe3 a4 19. Ba2 Qf6 20. Bc3 Bc2 21. d5
Qf4 22. dxe6 Qxe3 23. Rxe3 fxe6 24. Rxe6 Bb3 25. Bxb3 axb3 26. Bb2 Nb6 27. c5
Nc4 28. Rb1 Nf4 29. Re7 Nxb2 30. Rxb2 Rxa3 31. Ne1 Rd8 32. Re3 Nd3 33. Nxd3
Rxd3 34. Kf1 Rxe3 35. fxe3 Kf7 1/2-1/2

[Event "4NCL Division 3s"]
[Site "Daventry Court ENG"]
[Date "2014.11.16"]
[Round "2.188"]
[White "Evans, Chris John"]
[Black "Winter, Kevin"]
[Result "1-0"]
[WhiteElo "1822"]
[BlackElo "1822"]
[PlyCount "113"]
[EventDate "2014.11.16"]
[WhiteTeam "Banbury Bulldogs"]
[BlackTeam "e2e4.org.uk 4"]

1. e4 d6 2. d4 Nf6 3. Nc3 Nbd7 4. Be2 e5 5. Nf3 Be7 6. Bg5 h6 7. Bh4 c6 8. dxe5
dxe5 9. Bg3 Qc7 10. Nd4 Qb6 11. Nb3 Bb4 12. Qd3 O-O 13. O-O a5 14. Na4 Qa7 15.
a3 Be7 16. c4 b5 17. Nc3 bxc4 18. Qxc4 a4 19. Nd2 Bb7 20. Nf3 Qc5 21. Nxe5 Nxe5
22. Qxc5 Bxc5 23. Bxe5 Rfe8 24. Bxf6 gxf6 25. Bd3 Bd4 26. Rab1 Re5 27. Ne2 Ba7
28. Bc2 f5 29. Ng3 f4 30. Nf5 h5 31. Rfd1 Bc8 32. Rd8+ Kh7 33. Nd6 Bb6 34. Rxc8
Rxc8 35. Nxc8 Bc7 36. Rc1 Rc5 37. Kf1 Be5 38. Nb6 f3 39. Nd7 fxg2+ 40. Kxg2
Bxb2 41. Nxc5 Bxc1 42. Nxa4 Bxa3 43. f4 c5 44. Bb3 Kg6 45. Bc4 h4 46. Kh3 Bc1
47. f5+ Kf6 48. Nxc5 Kg7 49. Kxh4 f6 50. Ne6+ Kh8 51. Kh5 Bd2 52. Kg6 Bc3 53.
h4 Be5 54. h5 Bd4 55. h6 Be5 56. h7 Bd4 57. Nd8 1-0

[Event "4NCL Division 3s"]
[Site "Daventry Court ENG"]
[Date "2014.11.16"]
[Round "2.189"]
[White "David, Ivan"]
[Black "Rowan, Daniel"]
[Result "1/2-1/2"]
[WhiteElo "1826"]
[BlackElo "1720"]
[PlyCount "62"]
[EventDate "2014.11.16"]
[WhiteTeam "e2e4.org.uk 4"]
[BlackTeam "Banbury Bulldogs"]

1. Nf3 c5 2. g3 e6 3. Bg2 Nc6 4. c4 d5 5. b3 Nf6 6. O-O Be7 7. Bb2 O-O 8. d3 d4
9. e3 e5 10. exd4 exd4 11. h3 Re8 12. Na3 Bf5 13. Nh4 Be6 14. Re1 Qd7 15. Kh2
Rad8 16. Nf3 h6 17. Nc2 Bd6 18. b4 b6 19. b5 Ne7 20. Ne5 Qc7 21. Nc6 Nxc6 22.
Bxc6 Nd7 23. Bg2 Ne5 24. f4 Ng6 25. Qf3 Ne7 26. Qb7 Qxb7 27. Bxb7 g5 28. Bc1
gxf4 29. Bxf4 Bxf4 30. gxf4 Bf5 31. Be4 Bg6 1/2-1/2

[Event "4NCL Division 3s"]
[Site "Daventry Court ENG"]
[Date "2014.11.16"]
[Round "2.190"]
[White "Martin, Nick J"]
[Black "Levens, David G"]
[Result "1/2-1/2"]
[WhiteElo "1713"]
[BlackElo "1956"]
[PlyCount "76"]
[EventDate "2014.11.16"]
[WhiteTeam "Banbury Bulldogs"]
[BlackTeam "e2e4.org.uk 4"]

1. e4 c5 2. Nc3 Nc6 3. f4 g6 4. Nf3 Bg7 5. Bc4 e6 6. O-O Nge7 7. d3 d5 8. Bb3
O-O 9. Qe1 b5 10. Nxb5 Qb6 11. c4 Nb4 12. Qe2 a6 13. Nc3 d4 14. Nd1 Bd7 15. a3
Nbc6 16. Ba4 Rab8 17. b4 Ne5 18. Bxd7 Nxd7 19. Bd2 Nc6 20. Nb2 cxb4 21. Na4 Qa7
22. axb4 Nxb4 23. g4 Nc2 24. Rac1 Ne3 25. Bxe3 dxe3 26. f5 exf5 27. gxf5 Rb4
28. Nc3 Rfb8 29. Nd5 Rb2 30. Qxe3 Qxe3+ 31. Nxe3 Bh6 32. Rce1 R2b3 33. Ng4 Bg7
34. d4 R8b4 35. fxg6 hxg6 36. e5 Rxc4 37. e6 fxe6 38. Rxe6 Rb6 1/2-1/2

[Event "4NCL Division 3s"]
[Site "Daventry Court ENG"]
[Date "2014.11.16"]
[Round "2.195"]
[White "Manelidou, Maria"]
[Black "Rogers, Tim  L"]
[Result "1-0"]
[WhiteElo "2057"]
[BlackElo "2056"]
[PlyCount "77"]
[EventDate "2014.11.16"]
[WhiteTeam "Midland Monarchs 1"]
[BlackTeam "Hackney 2"]

1. e4 c6 2. d4 d5 3. Nd2 dxe4 4. Nxe4 Nd7 5. Qe2 e6 6. Nf3 Ngf6 7. c3 Be7 8.
Bf4 Nxe4 9. Qxe4 c5 10. Bd3 cxd4 11. Nxd4 Nc5 12. Bb5+ Bd7 13. Qc2 O-O 14. Rd1
Bxb5 15. Nxb5 Qb6 16. Bd6 Rfe8 17. Bxe7 Rxe7 18. Rd6 Qa5 19. b4 Qa4 20. bxc5 a6
21. Nd4 Qa3 22. Nb3 a5 23. Qd2 a4 24. Rd8+ Re8 25. Rxe8+ Rxe8 26. Qc1 Qxa2 27.
Nd4 Qc4 28. Qa3 e5 29. Ne2 g5 30. Qb4 Qd3 31. Nc1 Qc2 32. O-O Rd8 33. Qg4 h6
34. h4 f5 35. Qh5 f4 36. hxg5 Qf5 37. Qxh6 Rf8 38. Rd1 Qc2 39. Rd7 1-0

[Event "4NCL Division 3s"]
[Site "Daventry Court ENG"]
[Date "2014.11.16"]
[Round "2.196"]
[White "Holes, Michal"]
[Black "Kalyana, Ashwin"]
[Result "1-0"]
[WhiteElo "2040"]
[BlackElo "1717"]
[PlyCount "121"]
[EventDate "2014.11.16"]
[WhiteTeam "Hackney 2"]
[BlackTeam "Midland Monarchs 1"]

1. e4 c5 2. Nf3 e6 3. d4 cxd4 4. Nxd4 a6 5. g3 g6 6. Bg2 Bg7 7. O-O Ne7 8. Be3
O-O 9. c4 Nbc6 10. Nc3 Qc7 11. Rc1 d6 12. Qd2 Rd8 13. Rfd1 Bd7 14. Nxc6 Bxc6
15. Nd5 exd5 16. cxd5 Qd7 17. Bb6 Rdc8 18. dxc6 Rxc6 19. Rxc6 Qxc6 20. Qxd6
Qxd6 21. Rxd6 Bxb2 22. Rd7 Nc6 23. Rxb7 Nd4 24. Bc7 Bc3 25. Kf1 a5 26. e5 Ra6
27. Bd5 Ne6 28. Bd6 Bb4 29. Bxb4 axb4 30. Rxb4 Ra5 31. Bxe6 fxe6 32. a4 Rxe5
33. Rb5 Re4 34. a5 Ra4 35. Ke2 Kf7 36. h4 h6 37. Kd3 Ke7 38. Rb7+ Ke8 39. Rg7
Rxa5 40. Rxg6 h5 41. Rxe6+ Kf7 42. Rd6 Re5 43. f4 Re1 44. Rd5 Kg6 45. Rg5+ Kh6
46. Kd4 Re2 47. f5 Re7 48. f6 Re1 49. Rf5 Re8 50. f7 Rf8 51. Ke5 Kg6 52. Rg5+
Kxf7 53. Rf5+ Kg7 54. Rxf8 Kxf8 55. Kf6 Kg8 56. Kg6 Kh8 57. Kxh5 Kh7 58. g4 Kh8
59. Kg6 Kg8 60. g5 Kh8 61. Kf7 1-0

[Event "4NCL Division 3s"]
[Site "Daventry Court ENG"]
[Date "2014.11.16"]
[Round "2.197"]
[White "Jina, Taran"]
[Black "Chin, Francis CW"]
[Result "0-1"]
[WhiteElo "1726"]
[BlackElo "2143"]
[PlyCount "96"]
[EventDate "2014.11.16"]
[WhiteTeam "Midland Monarchs 1"]
[BlackTeam "Hackney 2"]

1. e4 e6 2. d4 d5 3. Nd2 c5 4. exd5 exd5 5. Ngf3 Nc6 6. Bb5 Bd6 7. dxc5 Bxc5 8.
O-O Nge7 9. Nb3 Bd6 10. Re1 O-O 11. Bd3 Bf5 12. c3 Qd7 13. Qc2 Rfe8 14. Bg5 h6
15. Bh4 Rac8 16. a3 a6 17. Bg3 Bg4 18. Bxd6 Qxd6 19. Nfd4 Ne5 20. Bf1 Nc4 21.
Nd2 Kf8 22. N2f3 Ng6 23. h3 Bd7 24. g3 Qf6 25. Bg2 Nd6 26. Rad1 Ne4 27. Re2 Re7
28. Rde1 Rce8 29. Nd2 Ng5 30. N2f3 Nxh3+ 31. Kh2 Ng5 32. Qd2 Ne4 33. Qc2 Bg4
34. c4 Ne5 35. Re3 Nxc4 36. Rd3 Qg6 37. Nh4 Qh5 38. Kg1 Nc5 39. Rxe7 Rxe7 40.
Rc3 Re1+ 41. Bf1 b5 42. b3 Bh3 43. Ng2 Nxa3 44. Qd2 Rxf1+ 45. Kxf1 Nb1 46. Qc2
Nxc3 47. Qxc3 Qd1+ 48. Qe1 Bxg2+ 0-1

[Event "4NCL Division 3s"]
[Site "Daventry Court ENG"]
[Date "2014.11.16"]
[Round "2.198"]
[White "Vives, Pepe"]
[Black "Neil, Jennifer"]
[Result "1-0"]
[WhiteElo "1933"]
[BlackElo "1565"]
[PlyCount "97"]
[EventDate "2014.11.16"]
[WhiteTeam "Hackney 2"]
[BlackTeam "Midland Monarchs 1"]

1. e4 c5 2. Nc3 d6 3. Bb5+ Bd7 4. Bxd7+ Qxd7 5. Nf3 Nc6 6. O-O Nf6 7. d4 cxd4
8. Nxd4 g6 9. Bg5 Bg7 10. Nde2 O-O 11. Qd2 Rac8 12. Rad1 Rfd8 13. b3 a6 14. f3
b5 15. Bxf6 Bxf6 16. Nd5 Bg7 17. Kh1 Qa7 18. c3 e6 19. Ne3 Ne7 20. c4 bxc4 21.
Nxc4 d5 22. exd5 Rxd5 23. Qe3 Qxe3 24. Nxe3 Rxd1 25. Rxd1 Bh6 26. Nc4 Nd5 27.
Rd3 Nb4 28. Rd6 Bf8 29. Rd2 Be7 30. Kg1 Rd8 31. Rxd8+ Bxd8 32. a3 Nd5 33. Kf2
Nb6 34. Nxb6 Bxb6+ 35. Ke1 Kf8 36. Kd2 Ke7 37. Kd3 Kd6 38. Kc4 Kc6 39. b4 Ba7
40. a4 Bb6 41. Nc3 Kd6 42. Ne4+ Ke7 43. Nc5 f5 44. Nxa6 e5 45. Kd5 Bd4 46. Nb8
Bg1 47. Nc6+ Kf6 48. a5 Bxh2 49. b5 1-0

[Event "4NCL Division 3s"]
[Site "Daventry Court ENG"]
[Date "2014.11.16"]
[Round "2.205"]
[White "Downham, Alan F"]
[Black "Ganger, Sajan"]
[Result "1/2-1/2"]
[WhiteElo "1996"]
[BlackElo "1729"]
[PlyCount "80"]
[EventDate "2014.11.16"]
[WhiteTeam "Iceni 2"]
[BlackTeam "e2e4.org.uk 5"]

1. c4 c6 2. Nc3 d5 3. d4 Nf6 4. e3 g6 5. Nf3 Bg7 6. b3 O-O 7. Be2 b6 8. O-O Bb7
9. Bb2 Nbd7 10. Rc1 Rc8 11. cxd5 cxd5 12. Qd2 Ne4 13. Nxe4 dxe4 14. Ng5 Nf6 15.
Nh3 Qd6 16. Rfd1 Rxc1 17. Rxc1 Bc8 18. Qc3 Bxh3 19. gxh3 Qb8 20. Ba3 Rd8 21.
Qc2 Bf8 22. Qc7 e6 23. Bxf8 Kxf8 24. Qg3 Qxg3+ 25. hxg3 Ke7 26. Rc7+ Rd7 27.
Rc8 Nd5 28. Kg2 Rc7 29. Rxc7+ Nxc7 30. g4 b5 31. g5 b4 32. Bc4 Ne8 33. Kg3 Nd6
34. Kf4 f6 35. gxf6+ Kxf6 36. h4 h6 37. Bf1 g5+ 38. hxg5+ hxg5+ 39. Kg4 a5 40.
Ba6 Kg6 1/2-1/2

[Event "4NCL Division 3s"]
[Site "Daventry Court ENG"]
[Date "2014.11.16"]
[Round "2.215"]
[White "Kane, Robert (Bob) B"]
[Black "Truran, Mike"]
[Result "1/2-1/2"]
[WhiteElo "1889"]
[BlackElo "2191"]
[PlyCount "35"]
[EventDate "2014.11.16"]
[WhiteTeam "BCM Rhinos (2)"]
[BlackTeam "Witney Brown Jack"]

1. d4 e6 2. Nf3 c5 3. c4 cxd4 4. Nxd4 a6 5. Nc3 Qc7 6. Qd3 b6 7. e4 Bb7 8. Be2
Nf6 9. O-O d6 10. f3 Nbd7 11. b3 Be7 12. Be3 O-O 13. Rac1 Rfe8 14. Kh1 Rad8 15.
Bg1 Qb8 16. Qb1 Qa8 17. Rfe1 g6 18. b4 1/2-1/2

[Event "4NCL Division 3s"]
[Site "Daventry Court ENG"]
[Date "2014.11.16"]
[Round "2.216"]
[White "Asenov, Pavel"]
[Black "Lawson, Maurice E"]
[Result "0-1"]
[WhiteElo "1881"]
[BlackElo "1955"]
[PlyCount "54"]
[EventDate "2014.11.16"]
[WhiteTeam "Witney Brown Jack"]
[BlackTeam "BCM Rhinos (2)"]

1. d4 d5 2. c4 c6 3. Nf3 Nf6 4. Nc3 dxc4 5. a4 Na6 6. e4 Bg4 7. Bxc4 e6 8. O-O
Be7 9. Be3 Nb4 10. Qd2 Bxf3 11. gxf3 Qa5 12. Kh1 O-O 13. Rg1 Rfd8 14. Rg5 c5
15. Rag1 g6 16. Qe2 Ne8 17. dxc5 Bxg5 18. Rxg5 Nc6 19. f4 Nd4 20. Bxd4 Rxd4 21.
f5 Qxc5 22. Ba2 Ng7 23. Qe3 exf5 24. exf5 Qc6+ 25. f3 Re8 26. Qf2 Nxf5 27. Rxf5
gxf5 0-1

[Event "4NCL Division 3s"]
[Site "Daventry Court ENG"]
[Date "2014.11.16"]
[Round "2.217"]
[White "Fowler, David W"]
[Black "Holton, Jake"]
[Result "1-0"]
[WhiteElo "1872"]
[BlackElo "1534"]
[PlyCount "75"]
[EventDate "2014.11.16"]
[WhiteTeam "BCM Rhinos (2)"]
[BlackTeam "Witney Brown Jack"]

1. d4 d5 2. c4 c6 3. Nc3 Nf6 4. e3 a6 5. Qc2 g6 6. Nf3 Bf5 7. Bd3 Bxd3 8. Qxd3
Bg7 9. O-O O-O 10. Bd2 b5 11. b3 Nbd7 12. Rac1 Re8 13. cxd5 cxd5 14. Rfd1 Nb6
15. Ne5 Qd6 16. Ne2 Rec8 17. Ba5 Nfd7 18. Nxd7 Nxd7 19. Qd2 e6 20. Nf4 Bf8 21.
Nd3 Kg7 22. Bb4 Qb6 23. Bxf8+ Kxf8 24. Qb4+ Kg7 25. Qe7 Rd8 26. h4 Ra7 27. Nf4
Nf8 28. Qg5 Rb8 29. Nh5+ Kg8 30. Nf6+ Kg7 31. Qe5 Qd8 32. Nd7+ f6 33. Qxb8 Qxd7
34. Rc5 Qe7 35. Rdc1 Kg8 36. Rc8 Rd7 37. Rxf8+ Qxf8 38. Rc8 1-0